Mr. Barney's beard /

Bibliographic Details
Main Author: Taylor, Sydney, 1904-1978
Format: Book
Language:English
Published: Chicago : Follett Pub. Co., [1961]
Series:Follett beginning-to-read book.
Subjects:

MARC

Tag First Indicator Second Indicator Subfields
LEADER 00000cam a2200000 4500
001 in00000164310
005 20151008073019.0
008 750626s1961 ilua 00000 eng d
010 |a  61008811  
035 |a (OCoLC)01415122 
035 |9 AAS7423AM 
040 |c ORL  |d TXA  |d UtOrBLW 
049 |a TXAM  |c [422633] 
050 0 0 |a PE1119  |b .T3 
100 1 |a Taylor, Sydney,  |d 1904-1978. 
245 1 0 |a Mr. Barney's beard /  |c Illustrated by Charles Geer. 
264 1 |a Chicago :  |b Follett Pub. Co.,  |c [1961] 
300 |a 29 pages :  |b color illustrations 
336 |a text  |b txt  |2 rdacontent 
337 |a unmediated  |b n  |2 rdamedia 
338 |a volume  |b nc  |2 rdacarrier 
490 1 |a A Follett beginning-to-read book 
650 0 |a Readers. 
830 0 |a Follett beginning-to-read book. 
999 |a MARS 
999 f f |s aaa3bd15-5f55-3155-9c5c-f6a8b81934c8  |i 03aa0b79-e4d6-3f94-89c8-cfdda206e69f  |t 0 
952 f f |p ric  |a Texas A&M University  |b Rellis Campus  |c Joint Library Facility  |s JLF  |d Remote Storage  |t 0  |e PE1119 .T3  |h Library of Congress classification  |i unmediated -- volume  |m A14803585543 
998 f f |a PE1119 .T3  |t 0  |l Remote Storage